000 005330000a22001690004500
003 MACL
005 20151122163427.0
008 151122b xxu||||| |||| 00| 0 eng d
040 _aMACL
_cMACL
041 _aEnglish
082 _a100/AUR
100 _aSri Aurobindo Ashram Publication Dep
_918000
245 _aThe complete Works of Sri Aurobindo Vol 34
_bSavitri A Legend and a Symbol Part 2 and 3
260 _bSri Aurobindo Ashram Publication Dep
_c1997
_aPondicherry
650 _aPhilosophy
_918001
942 _cBK
_k100/AUR
_2ddc
999 _c42205
_d42205